000 00485 a2200169 4500
999 _c945
_d945
020 _a9780199147106
050 _aTA350 JEF 2000
100 _aJefferson, Brian
_eauthor
245 _aIntroducing mechanics /
_cBrian Jefferson and Tony Beadsworth
264 _aOxford :
_bOxford University Press,
_c2000
300 _avi, 473p. :
_bill.
500 _aIncludes index
650 _aMathematics
650 _aMechanics
700 _aBeadsworth, Tony
_eauthor
942 _2lcc
_cBK
_h350
_iJEF
_kTA